|
|
|
|
| LEADER |
00811cam a2200265 7i4500 |
| 001 |
0000055695 |
| 005 |
20151104090000.0 |
| 005 |
##20151104174000.0 |
| 002 |
##000002648 |
| 003 |
##MY-KlINT |
| 008 |
151104 00010 eng |
| 020 |
# |
# |
|a 0043701167
|
| 039 |
# |
9 |
|y 201511041740
|z VLOAD
|
| 090 |
0 |
0 |
|a 370.1 DEG
|
| 100 |
1 |
# |
|a DEGENHARDT, M. A. B.
|
| 245 |
0 |
0 |
|a Education and the value of knowledge /
|c M. A. B. Degenhardt.
|
| 260 |
# |
# |
|a London:
|b George allen & Unwin,
|c 1982.
|
| 300 |
# |
# |
|a 104 p;
|c 22cm.
|
| 490 |
0 |
# |
|a Introductory studies in Philosophy of Education
|
| 650 |
# |
0 |
|a Knowledge theory of
|
| 650 |
# |
0 |
|a Educatio --
|x philosophy
|
| 996 |
|
|
|a ikwas2000.out
|
| 997 |
|
|
|a 3000034607
|b IKWS
|c MNF
|d BOK
|
| 998 |
|
|
|a 0000002625
|
| 999 |
|
|
|a 3000034607
|b BOOK
|c Main Non-Fiction
|e INTAN Kampus Wilayah Selatan
|